| 000 | 00768nam a2200241 a 4500 | ||
|---|---|---|---|
| 005 | 20210219153529.0 | ||
| 008 | 991125n 000 0 u | ||
| 035 | _aUPN01000105035 | ||
| 100 | _aBrown, Carrie C. | ||
| 222 | _aJOURNAL OF SPECIAL EDUCATION TECHNOLOGY | ||
| 245 | _aVoice recognition technology and persons with severe mental retardation and severe physical impairment : Learning, response differentiation, and affect | ||
| 300 | _a196-206 | ||
| 362 | _a11, No. 4, 1992 | ||
| 505 | _aJulio 1993 | ||
| 653 | 0 | _aADIESTRAMIENTO | |
| 653 | 0 | _aAUTONOMIA PERSONAL | |
| 653 | 0 | _aDESTREZAS VIVAS TARDADAS | |
| 653 | 0 | _aINCAPACITADOS FISICOS | |
| 653 | 0 | _aRETRASO MENTAL | |
| 700 | _aCavalier, Al R. | ||
| 904 |
_aAC _b042846 |
||
| 905 | _aArticulo | ||
| 999 |
_c79212 _d79212 |
||